000 00471nam a2200169Ia 4500
999 _c28495
_d28495
003 OSt
005 20201130092708.0
008 190216s9999||||xx |||||||||||||| ||und||
040 _coclc
082 _a894.8123
_bBAL/S
100 _aBalachandran, G
_96679
245 0 _aSwasrayam /
_cG Balachandran
260 _bNational Book Stall,
_aKottayam:
_c2001.
300 _a447p
650 _aNovel
942 _cBK
_2ddc
_h894.8123
_iBAL/S
_k894.8123
_mBAL/S